000 00176nam a2200073Ia 4500
008 180219s9999 xx 000 0 und d
100 _aSharma Rama
245 0 _aGharh Vigyan Shiksharn
260 _aJaipur / Goel
999 _c41204
_d41204